Quick Pick: Consoles by Manufacturer Quiz Stats

 Plays Quiz Updated Mar 31, 2016

Challenge
Share
Tweet
Embed
Score 0/15 Timer 01:30
0 Plays Today
% Correct
Game Boy (1989)
88.1%
Wii (2006)
85.7%
PlayStation 2 (2000)
83.9%
GameCube (2001)
81.2%
Genesis (1988)
80.8%
Xbox 360 (2005)
78.2%
SNES (1990)
73.9%
2600 (1977)
64.7%
% Correct
Saturn (1994)
64.2%
N-Gage (2003)
48.8%
Master System (1986)
48.3%
Lynx (1989)
34.9%
Telstar (1976)
34.5%
TurboGrafx-16 (1987)
32.4%
WonderSwan (1999)
26.3%

Today's Daily Dose

You're not logged in!

Compare scores with friends on all Sporcle quizzes.
OR
Log In

You Might Also Like...

Show Comments

Extras

Top Quizzes Today


Score Distribution

Your Account Isn't Verified!

In order to create a playlist on Sporcle, you need to verify the email address you used during registration. Go to your Sporcle Settings to finish the process.

Report this User

Report this user for behavior that violates our Community Guidelines.

Details: